000 00668cam a22001811a 4500
082 _a954.915
_bSKE
100 1 _aSkeen, Andrew,
_950322
245 1 0 _aPassing it on :
_bshort talks on tribal fighting on the North-west frontier of India /
_cby Sir Andrew Skeen ; with a foreword by Sir Philip W. Chetwode.
250 _a4th ed.
260 _aAldershot :
_bGale & Polden Ltd.,
_c1934.
300 _a4 prelim. leaves, 144 p. ;
_c22 cm.
526 _a0
_b0
_c0
_d954_915000000000000_SKE
526 _a0
_b0
_c0
_d954_915000000000000_SKE
650 0 _aInfantry drill and tactics
_918831
650 0 _aMCE
_9379
650 0 _aMilitary art and science
_937914
942 _2ddc
_cBK
999 _c553187
_d553187